Blue Light Vehicles Quiz Stats

 Plays Quiz not verified by Sporcle

Challenge
Share
Tweet
Embed
Score 0/14 Timer 10:00
0 Plays Today
Organisation % Correct
Police
100%
Ambulance Service
100%
Fire Service
90%
Coastguard
30%
MoD Bomb Disposal
30%
Military Special Forces (when responding to a national security emergency)
30%
Mountain Rescue
20%
Organisation % Correct
National Blood Service
20%
Cave Rescue
10%
Revenue & Customs (when investigating serious crimes)
10%
Coal Authority (for mine rescue)
10%
RNLI (lifeboat launching vehicles only)
10%
Fire Salvage
0%
Forestry Commission (for firefighting)
0%

You're not logged in!

Compare scores with friends on all Sporcle quizzes.
Join for Free
OR
Log In

You Might Also Like...

Show Comments

Extras

Top Quizzes Today


Score Distribution

Your Account Isn't Verified!

In order to create a playlist on Sporcle, you need to verify the email address you used during registration. Go to your Sporcle Settings to finish the process.

Report this User

Report this user for behavior that violates our Community Guidelines.

Details: